El cuerpo
Uloženo v:
| Hlavní autor: | |
|---|---|
| Médium: | Kniha |
| Jazyk: | španělština |
| Vydáno: |
Santiago
LOM
2009
|
| Vydání: | 1a. ed |
| Témata: | |
| Tagy: |
Přidat tag
Žádné tagy, Buďte první, kdo vytvoří štítek k tomuto záznamu!
|
MARC
| LEADER | 00000nam a2200000 a 4500 | ||
|---|---|---|---|
| 001 | UCG2030 | ||
| 003 | CL-VaPUC | ||
| 008 | 100610e20090000CL |||||||||||||||||spa|d | ||
| 020 | |a 9789560001153 | ||
| 082 | 0 | 4 | |a 8 |b ARA |2 21 |
| 100 | 0 | |a Araya, Bertina |e author |9 550236 | |
| 245 | 1 | 3 | |a El cuerpo |
| 250 | |a 1a. ed | ||
| 300 | |a pág. irreg | ||
| 942 | |c BK | ||
| 945 | |d 20100610 00:00:00 |a cmena | ||
| 260 | |a Santiago |b LOM |c 2009 | ||
| 650 | 0 | |a Libros infantiles |9 389584 | |
| 650 | 0 | |a Pintura |9 265046 | |
| 650 | 0 | |a Obras de arte |9 337253 | |
| 650 | 0 | |a Cuerpo humano |9 257169 | |
| 583 | |a last modification |c 20100610 00:00:00 |k Rodrigo Vera | ||
| 999 | |c 341272 |d 341270 | ||
| 952 | |0 0 |1 0 |4 0 |6 8_000000000000000_ARA_2009 |7 0 |8 C |9 436646 |a BIBCUR |b BIBCUR |d 2019-11-22 |i 4680162 |o 8 ARA 2009 |p 4680162 |r 2025-04-22 |w 2019-11-22 |y BK |k INF | ||